000 00194 a2200085 4500
020 _a9781770854475
100 _aANA MARIA
245 _aSUSTAINABLE RESIDENTIAL ARCHITECTURE
260 _bFIREFLY BOOKS
999 _c13145
_d13145